000 00694nam a2200169Ia 4500
008 090201s9999 xx 000 0 und d
010 _aKPL-73349
040 _bमराठी
041 _aमराठी
082 _a53832
_b73349
100 _aप्र न देशपांडे
245 _aमराठ्यांच्या इतिहासाची साधने खंड 5
_cप्र न देशपांडे
260 _c2002
_bइ.वि.का.राजवाडे संशोधन मंडळ
300 _a350
_bमध्यम
600 _aमराठ्यांच्या इतिहासाची साधने खंड 5
942 _cBOOK
999 _c250253
_d250253